| 000 | 01005cam a2200325 a 4500 | ||
|---|---|---|---|
| 001 | 14664795 | ||
| 003 | OSt | ||
| 005 | 20140310181755.0 | ||
| 008 | 061211m20052006ph b f001 0 eng | ||
| 010 | _a 2006343577 | ||
| 020 | _a971911780X | ||
| 040 |
_aDLC _cDLC _dDLC |
||
| 042 | _alcode | ||
| 043 | _aa-ph--- | ||
| 050 | 0 | 0 |
_aDS 668 _b.C822 1989 |
| 082 |
_aFIL 920.09599 _bC817 1989 |
||
| 245 | 1 | 4 |
_aThe roots of the Filipino nation / _cO.D. Corpuz |
| 260 |
_aQuezon City, Philippines : _bAklahi Foundation, Inc., _cc1989. |
||
| 300 |
_avi , 744 p. : _c24 cm. |
||
| 500 | _aFirst published: Quezon City, Philippines : Aklahi Foundation, 1989. | ||
| 504 | _aIncludes bibliographical references (v. 2, p. [761]-787) and index. | ||
| 524 | _a | ||
| 541 | _i1 | ||
| 541 | _i2 | ||
| 562 | _e2 | ||
| 651 | 0 |
_aPhilippines _xHistory. |
|
| 906 |
_a7 _bcbc _corigode _d3 _encip _f20 _gy-gencatlg |
||
| 942 |
_2lcc _cBK-FIL _kFIL |
||
| 999 |
_c3413 _d3413 |
||